Henrik Ibsen's Hedda Gabler (Record no. 5041)
[ view plain ]
| 000 -LEADER | |
|---|---|
| fixed length control field | 00377 a2200145 4500 |
| 020 ## - INTERNATIONAL STANDARD BOOK NUMBER | |
| International Standard Book Number | 0822217848 |
| 040 ## - CATALOGING SOURCE | |
| Original cataloging agency | DLC |
| Language of cataloging | DLC |
| 082 ## - DEWEY DECIMAL CLASSIFICATION NUMBER | |
| Classification number | 839.8226 |
| 100 1# - MAIN ENTRY--PERSONAL NAME | |
| Personal name | Ibsen, Henrik, |
| 245 10 - TITLE STATEMENT | |
| Title | Henrik Ibsen's Hedda Gabler |
| Statement of responsibility, etc. | Doug Hughes |
| 260 ## - PUBLICATION, DISTRIBUTION, ETC. | |
| Place of publication, distribution, etc. | New York : |
| Name of publisher, distributor, etc. | Dramatists Play Service, |
| Date of publication, distribution, etc. | c2001. |
| 300 ## - PHYSICAL DESCRIPTION | |
| Extent | 83 p. ; |
| Dimensions | 23 cm. |
| 700 1# - ADDED ENTRY--PERSONAL NAME | |
| Personal name | Hughes, Doug. |
| 942 ## - ADDED ENTRY ELEMENTS (KOHA) | |
| Koha item type | Book |
| Call number prefix | 839.8226 IBS |
| Source of classification or shelving scheme | |
| Withdrawn status | Lost status | Source of classification or shelving scheme | Damaged status | Not for loan | Permanent Location | Current Location | Shelving location | Date acquired | Source of acquisition | Cost, normal purchase price | Total Checkouts | Full call number | Barcode | Date last seen | Date last checked out | Price effective from | Koha item type |
|---|---|---|---|---|---|---|---|---|---|---|---|---|---|---|---|---|---|
| Central Library (CL) | Central Library (CL) | General Stacks | 09/23/2008 | Donation | 0.00 | 1 | 839.8226 HUG | SEECS009275 | 11/17/2015 | 10/16/2015 | 01/05/2017 | Book |
